000 00643cam a2200205 04500
001 44690
090 _a44690
100 _a19750201d1975 em y0pory50030103ba
101 0 _apor
102 _aPT
200 1 _aA pista do tesouro
_fAdolfo Simões Müller
_gil. Fernando Bento
_eBaden-Powell e o Escutismo
210 9 _aPorto
_cLivraria Tavares Martins,
_d1975
215 _a159, [3] p.
_cil.
_d22 cm
225 2 _aGente grande para gente pequena
_v14
317 _aBiblioteca Matilde Rosa Araújo
675 _a92
_vmed
_zpor
700 1 _aMüller,
_bAdolfo Simões,
_f1909-1989
702 1 _aBento,
_bFernando,
_f1910-1996
_4440
801 0 _aPT
_bBN
_gRPC
990 _cLIVROS